| 000 | 00684cam a2200253 4500500 | ||
|---|---|---|---|
| 005 | 20260405002003.0 | ||
| 041 | _afre | ||
| 042 | _adc | ||
| 100 | 1 | 0 |
_aNassif, Philippe _eauthor |
| 245 | 0 | 0 | _aBergson et la mémoire |
| 260 | _c2015. | ||
| 500 | _a43 | ||
| 690 | _aCerveau | ||
| 690 | _aÉlie During | ||
| 690 | _aFrédéric Worms | ||
| 690 | _aHenri Bergson | ||
| 690 | _aMémoire | ||
| 690 | _aPassé | ||
| 690 | _aPrésent | ||
| 690 | _aRêve | ||
| 690 | _aTemps | ||
| 786 | 0 | _nPhilosophie magazine | 89 | 5 | 2015-05-01 | p. 44-44 | 1951-1787 | |
| 856 | 4 | 1 | _uhttps://shs.cairn.info/magazine-philosophie-magazine-2015-5-page-44?lang=fr&redirect-ssocas=7080 |
| 999 |
_c2053016 _d2053016 |
||